Państwa Afryki-nagła śmierć - Statystyki

Ogólne statystyki
  • Ten quiz został rozwiązany 78 razy
  • Średni wynik to 14 z 18
Answers on the Grid
Answers color-coded by a green-red scale on the quiz's grid according to % correct below.
Egipt
Mali
Polska
Maroko
Czad
RPA
Tonga
Burundi
Malawi
Malediwy
Komory
Seszele
Kanada
Eswatini
Lesotho
Barbados
Wybrzeże Kości Słoniowej
Ghana
Sri lanka
Benin
Togo
Bahamy
Sudan
Litwa
Algieria
Łotwa
Estonia
Monako
Madagaskar
Samoa
 
Statystyki odpowiedzi
Odpowiedź % Poprawnych
Egipt
100%
Czad
95%
RPA
93%
Maroko
91%
Mali
88%
Eswatini
73%
Malawi
73%
Algieria
71%
Komory
71%
Madagaskar
71%
Togo
71%
Ghana
70%
Lesotho
70%
Wybrzeże Kości Słoniowej
70%
Benin
68%
Sudan
68%
Burundi
66%
Seszele
63%
Nie znaleziono quizów pasujących do podanych kryteriów
Rozkład punktacji
Procent ludzi z każdym wynikiem
Percentyl według liczby udzielonych odpowiedzi
Twoja historia wyników
Nie rozwiązałeś tego quizu